[Event "39. Torneo La Roda"]
[Site "La Roda ESP"]
[Date "2012.04.07"]
[Round "6.5"]
[White "Del Rey, Diego"]
[Black "Sanchez, Joseph"]
[Result "1/2-1/2"]
[WhiteElo "2372"]
[BlackElo "2526"]
[PlyCount "33"]
[EventDate "2012.04.04"]
[EventType "swiss"]
[EventRounds "9"]
[EventCountry "ESP"]
[Source "lmi"]
[SourceDate "2012.04.04"]

1. d4 d5 2. c4 c6 3. Nc3 Nf6 4. e3 a6 5. Bd3 g6 6. Nf3 Bg7 7. O-O O-O 8. h3
Nbd7 9. cxd5 cxd5 10. Qb3 e6 11. Bd2 b6 12. Rfc1 Bb7 13. Na4 b5 14. Nc5 Nxc5
15. Rxc5 Ne4 16. Rc2 Nxd2 17. Nxd2 1/2-1/2

[Event "39. Torneo La Roda"]
[Site "La Roda ESP"]
[Date "2012.04.07"]
[Round "6.6"]
[White "Ibarra Jerez, Jose Carlos"]
[Black "Lalic, Bogdan"]
[Result "1/2-1/2"]
[WhiteElo "2523"]
[BlackElo "2469"]
[PlyCount "50"]
[EventDate "2012.04.04"]
[EventType "swiss"]
[EventRounds "9"]
[EventCountry "ESP"]
[Source "lmi"]
[SourceDate "2012.04.04"]

1. e4 e6 2. d4 d5 3. Nc3 Bb4 4. e5 c5 5. Bd2 Nc6 6. Nb5 Bxd2+ 7. Qxd2 Nxd4 8.
Nxd4 cxd4 9. f4 Qb6 10. O-O-O Ne7 11. Nf3 Nf5 12. Nxd4 Nxd4 13. Qxd4 Qxd4 14.
Rxd4 Bd7 15. Be2 Ke7 16. Bf3 Rac8 17. h4 Rc5 18. c3 Rhc8 19. Rhd1 R8c7 20. R1d2
h6 21. R2d3 Ra5 22. a3 Bb5 23. Re3 Ra4 24. Rxa4 Bxa4 25. Rd3 a5 1/2-1/2

[Event "39. Torneo La Roda"]
[Site "La Roda ESP"]
[Date "2012.04.07"]
[Round "6.7"]
[White "Ladron De Guevara Pinto, Paolo"]
[Black "Khamrakulov, Ibragim S"]
[Result "1/2-1/2"]
[WhiteElo "2332"]
[BlackElo "2519"]
[PlyCount "43"]
[EventDate "2012.04.04"]
[EventType "swiss"]
[EventRounds "9"]
[EventCountry "ESP"]
[Source "lmi"]
[SourceDate "2012.04.04"]

1. e4 c5 2. Nf3 e6 3. d4 cxd4 4. Nxd4 Qc7 5. Bd3 Nc6 6. Nb5 Qb8 7. O-O a6 8.
N5c3 Nf6 9. Be3 Ne5 10. Be2 h5 11. f4 Neg4 12. Bb6 g5 13. Bxg4 hxg4 14. e5 Nh5
15. Ne4 Nxf4 16. Nf6+ Ke7 17. Bc5+ Kd8 18. Bb6+ Ke7 19. Qe1 a5 20. Bc5+ Kd8 21.
Bb6+ Ke7 22. Bc5+ 1/2-1/2

[Event "39. Torneo La Roda"]
[Site "La Roda ESP"]
[Date "2012.04.07"]
[Round "6.8"]
[White "Koziak, Vitali"]
[Black "Garza Marco, Sergio"]
[Result "1-0"]
[WhiteElo "2511"]
[BlackElo "2404"]
[PlyCount "78"]
[EventDate "2012.04.04"]
[EventType "swiss"]
[EventRounds "9"]
[EventCountry "ESP"]
[Source "lmi"]
[SourceDate "2012.04.04"]

1. d4 d6 2. e4 Nf6 3. Nc3 g6 4. f4 Bg7 5. Nf3 O-O 6. Bd3 Na6 7. O-O c5 8. d5
Bg4 9. Kh1 Nd7 10. a3 Nc7 11. Bc4 a6 12. a4 b6 13. Qd3 Bxf3 14. Rxf3 Qb8 15.
Ra3 Qb7 16. Rb3 Rab8 17. Rf1 Qa8 18. Bd2 Rb7 19. Ra1 Ra7 20. h3 Rb8 21. Kh2
Rbb7 22. Be1 Qf8 23. Rd1 Bd4 24. Ne2 Bf6 25. Bc3 Qg7 26. g3 h5 27. Bxf6 Qxf6
28. Nc3 Rb8 29. e5 dxe5 30. d6 exd6 31. Ne4 Qe7 32. Qxd6 Qxd6 33. Rxd6 Ne8 34.
Rxg6+ Kf8 35. Rh6 Kg7 36. Rxh5 exf4 37. gxf4 Nf8 38. Rg3+ Ng6 39. f5 Re7 1-0

[Event "39. Torneo La Roda"]
[Site "La Roda ESP"]
[Date "2012.04.07"]
[Round "6.11"]
[White "Navarrete Espi, Samuel"]
[Black "Perez Mitjans, Orelvis"]
[Result "1-0"]
[WhiteElo "2129"]
[BlackElo "2482"]
[PlyCount "125"]
[EventDate "2012.04.04"]
[EventType "swiss"]
[EventRounds "9"]
[EventCountry "ESP"]
[Source "lmi"]
[SourceDate "2012.04.04"]

1. e4 c5 2. Nf3 d6 3. d4 cxd4 4. Nxd4 Nf6 5. Nc3 g6 6. Be3 Bg7 7. f3 Nc6 8. Qd2
O-O 9. O-O-O d5 10. exd5 Nxd5 11. Nxc6 bxc6 12. Bd4 e5 13. Bc5 Be6 14. Ne4 Qc7
15. Bxf8 Rxf8 16. Nc5 Bc8 17. Bc4 e4 18. Nxe4 Qb6 19. Bb3 a5 20. a4 Ba6 21. Qf2
Qb8 22. Qg3 Nf4 23. Qh4 Bc4 24. Nf6+ Bxf6 25. Qxf6 Bxb3 26. cxb3 Nxg2 27. Qc3
Nf4 28. Kb1 Qc7 29. Rhe1 Ne6 30. Qe5 Qb7 31. f4 Qxb3 32. f5 Ng7 33. fxg6 hxg6
34. Rd4 Rb8 35. Rh4 Rd8 36. Qxa5 Qd3+ 37. Ka1 Rb8 38. Qc3 Qd5 39. Rd4 Qg2 40.
Rb4 Rd8 41. Qg3 Qc2 42. Qb3 Qd2 43. Rf1 Nf5 44. Rb8 Rxb8 45. Qxb8+ Kg7 46. Qe5+
Kh7 47. Qc3 Qd5 48. h4 Nd4 49. Rxf7+ Kg8 50. Rb7 c5 51. Rb6 Qh1+ 52. Ka2 Qd5+
53. b3 Qg2+ 54. Qb2 Nc2 55. a5 Qe4 56. Qc3 Qg2 57. Rb8+ Kf7 58. Qc4+ Kf6 59.
Qf4+ Ke6 60. Re8+ Kd7 61. Qf7+ Kc6 62. Re6+ Kb5 63. Rb6+ 1-0

[Event "39. Torneo La Roda"]
[Site "La Roda ESP"]
[Date "2012.04.07"]
[Round "6.12"]
[White "Anton Guijarro, David"]
[Black "Martinez Martin, David"]
[Result "1-0"]
[WhiteElo "2476"]
[BlackElo "2386"]
[PlyCount "69"]
[EventDate "2012.04.04"]
[EventType "swiss"]
[EventRounds "9"]
[EventCountry "ESP"]
[Source "lmi"]
[SourceDate "2012.04.04"]

1. e4 Nc6 2. d4 d6 3. g3 e5 4. d5 Nb8 5. Nc3 g6 6. h4 Nf6 7. Be2 h5 8. Bg5 Be7
9. Qd2 Nbd7 10. f3 a5 11. Be3 Nc5 12. a4 b6 13. Bb5+ Bd7 14. Bxc5 dxc5 15.
O-O-O Kf8 16. Kb1 Kg7 17. Nh3 Bxh3 18. Rxh3 Ne8 19. f4 Bf6 20. Bxe8 Qxe8 21. f5
Rd8 22. Rg1 Qe7 23. Rh2 Rh6 24. Rhg2 Kh7 25. fxg6+ fxg6 26. Rf1 Qg7 27. Rgf2 g5
28. Rf5 g4 29. Qf2 Rf8 30. d6 c6 31. Nd1 Qd7 32. Qd2 Kg7 33. Ne3 Rd8 34. Nc4
Qe6 35. Qxh6+ 1-0

[Event "39. Torneo La Roda"]
[Site "La Roda ESP"]
[Date "2012.04.07"]
[Round "6.14"]
[White "Granero Roca, Antonio"]
[Black "Moreno Tejera, Emilio"]
[Result "1/2-1/2"]
[WhiteElo "2432"]
[BlackElo "2313"]
[PlyCount "57"]
[EventDate "2012.04.04"]
[EventType "swiss"]
[EventRounds "9"]
[EventCountry "ESP"]
[Source "lmi"]
[SourceDate "2012.04.04"]

1. d4 f5 2. g3 Nf6 3. Bg2 g6 4. Nh3 d6 5. Nc3 c6 6. Nf4 e5 7. dxe5 dxe5 8.
Qxd8+ Kxd8 9. Nd3 Bd6 10. e4 Nxe4 11. Nxe4 fxe4 12. Bxe4 Bf5 13. Bg2 Nd7 14.
Bg5+ Kc7 15. O-O-O e4 16. Ne1 Rae8 17. Be3 c5 18. h3 h5 19. Bf1 Be6 20. a3 Nb6
21. Ng2 Nd5 22. Bg5 Ref8 23. Ne3 Nb6 24. Rd2 Rh7 25. Bg2 Rhf7 26. Bh6 Rh8 27.
Bg5 Rhf8 28. Bh6 Rh8 29. Bg5 1/2-1/2

[Event "39. Torneo La Roda"]
[Site "La Roda ESP"]
[Date "2012.04.07"]
[Round "6.15"]
[White "Antoli Royo, Joaquin Miguel"]
[Black "Jimenez De La Torre, Jose A"]
[Result "1-0"]
[WhiteElo "2414"]
[BlackElo "2122"]
[PlyCount "51"]
[EventDate "2012.04.04"]
[EventType "swiss"]
[EventRounds "9"]
[EventCountry "ESP"]
[Source "lmi"]
[SourceDate "2012.04.04"]

1. e4 e5 2. Bc4 Nf6 3. d3 Bc5 4. Nc3 d6 5. f4 Bxg1 6. Rxg1 Bg4 7. Qd2 exf4 8.
Qxf4 Nbd7 9. Be3 O-O 10. Bd4 Be6 11. O-O-O Bxc4 12. dxc4 Qe7 13. g4 Nb6 14. g5
Nfd7 15. Rd3 Ne5 16. Rh3 Qe6 17. Qh4 Qg6 18. c5 Nc6 19. cxb6 Nxd4 20. bxc7 Rac8
21. Qf2 Qe6 22. Rh4 Qe5 23. Nd5 Kh8 24. Kb1 Ne6 25. Rxh7+ Kxh7 26. Qh4+ 1-0

[Event "39. Torneo La Roda"]
[Site "La Roda ESP"]
[Date "2012.04.07"]
[Round "6.17"]
[White "Moreto Quintana, Alex"]
[Black "Chueca Forcen, Alberto"]
[Result "1/2-1/2"]
[WhiteElo "2123"]
[BlackElo "2352"]
[PlyCount "228"]
[EventDate "2012.04.04"]
[EventType "swiss"]
[EventRounds "9"]
[EventCountry "ESP"]
[Source "lmi"]
[SourceDate "2012.04.04"]

1. Nf3 d5 2. d4 c5 3. c4 Nf6 4. cxd5 cxd4 5. Qxd4 Qxd5 6. Nc3 Qxd4 7. Nxd4 a6
8. g3 e5 9. Nb3 Bd7 10. Bg2 Bc6 11. O-O Bxg2 12. Kxg2 Nc6 13. Bg5 O-O-O 14.
Bxf6 gxf6 15. Ne4 Be7 16. Rac1 f5 17. Nec5 Rd6 18. e4 fxe4 19. Nxe4 Rd5 20.
Rfd1 Rhd8 21. Rxd5 Rxd5 22. g4 Kc7 23. Rc3 Rd8 24. Rf3 Rg8 25. Kh3 Rf8 26. g5
h6 27. gxh6 f5 28. h7 Rh8 29. Rxf5 Rxh7+ 30. Kg2 Rg7+ 31. Ng3 Kd6 32. Kf3 Kd5
33. Ke2 a5 34. Rh5 a4 35. Nd2 Rg4 36. a3 Bc5 37. Rh7 b6 38. Nh5 Rg1 39. Nf6+
Ke6 40. Nfe4 Bd4 41. Rc7 Rc1 42. Nc3 Kd6 43. Nb5+ Kd5 44. Rd7+ Ke6 45. Rd6+ Ke7
46. f4 Bxb2 47. fxe5 Rc5 48. e6 Be5 49. Ne4 Bxd6 50. Nbxd6 Rh5 51. Nc8+ Kxe6
52. Nxb6 Rxh2+ 53. Kd3 Rh3+ 54. Kc4 Ne5+ 55. Kb5 Rb3+ 56. Ka6 Rxa3 57. Nc5+ Kd6
58. Kb5 Ra1 59. Ne4+ Ke6 60. Nc5+ Ke7 61. Ncxa4 Kd6 62. Nc3 Rc1 63. Nc4+ Ke6
64. Nxe5 Rxc3 65. Nc4 Rc1 66. Kc5 Rh1 67. Kc6 Rh5 68. Nb6 Ke5 69. Nc4+ Kd4 70.
Nd6 Rh6 71. Kd7 Kd5 72. Nf7 Re6 73. Nd8 Ra6 74. Ke7 Rh6 75. Nf7 Re6+ 76. Kf8
Re1 77. Kg7 Ke6 78. Ng5+ Kf5 79. Nf7 Re7 80. Kf8 Ke6 81. Nd8+ Kf6 82. Nc6 Rd7
83. Ke8 Rc7 84. Nd8 Re7+ 85. Kf8 Re1 86. Nc6 Rh1 87. Ke8 Rh7 88. Nd8 Re7+ 89.
Kf8 Rc7 90. Ke8 Ke5 91. Nf7+ Ke6 92. Nd8+ Kf6 93. Kf8 Rh7 94. Ke8 Rg7 95. Kf8
Rg1 96. Nc6 Rg2 97. Nd8 Re2 98. Nc6 Rh2 99. Ke8 Rd2 100. Nd8 Rd6 101. Nb7 Rb6
102. Nd8 Ke5 103. Nf7+ Kf5 104. Nd8 Ra6 105. Kd7 Ke5 106. Nc6+ Kf6 107. Kd6 Ra1
108. Kd5 Rd1+ 109. Nd4 Re1 110. Nf3 Re3 111. Nd4 Re5+ 112. Kc4 Rh5 113. Kd3 Ke5
114. Nf3+ Kf4 1/2-1/2

[Event "39. Torneo La Roda"]
[Site "La Roda ESP"]
[Date "2012.04.07"]
[Round "6.19"]
[White "Rojas Keim, Luis"]
[Black "Nicolas Zapata, Irene"]
[Result "1-0"]
[WhiteElo "2424"]
[BlackElo "2127"]
[PlyCount "156"]
[EventDate "2012.04.04"]
[EventType "swiss"]
[EventRounds "9"]
[EventCountry "ESP"]
[Source "lmi"]
[SourceDate "2012.04.04"]

1. d4 Nf6 2. Bg5 d5 3. Bxf6 exf6 4. c4 dxc4 5. e3 Bb4+ 6. Nc3 Be6 7. Nge2 c6 8.
Nf4 Qa5 9. Qc2 Qf5 10. Qxf5 Bxf5 11. Bxc4 Nd7 12. Bd3 Be6 13. O-O Nb6 14. Rfc1
O-O-O 15. a3 Bd6 16. Nfe2 f5 17. b4 Kb8 18. Nd1 g5 19. Ng3 Bxg3 20. hxg3 h5 21.
Rc5 Nd7 22. Rxf5 Bxf5 23. Bxf5 Nf6 24. Nc3 h4 25. g4 Ng8 26. Ne4 f6 27. Rb1 Nh6
28. b5 Nxf5 29. gxf5 cxb5 30. Rxb5 Rh6 31. f3 Rc8 32. d5 h3 33. gxh3 Rxh3 34.
d6 Rxf3 35. Nxf6 Rxe3 36. Nd7+ Ka8 37. f6 Rd8 38. f7 Rf3 39. Ne5 Rf6 40. d7
Rxf7 41. Nxf7 Rxd7 42. Nxg5 Rd3 43. a4 a6 44. Re5 Rb3 45. Ne4 Rb4 46. Nd6 Kb8
47. Re7 Rb6 48. Rd7 Rb2 49. Kf1 a5 50. Nb5 Kc8 51. Rc7+ Kb8 52. Rc4 b6 53. Ke1
Kb7 54. Kd1 Ra2 55. Kc1 Rh2 56. Kb1 Rf2 57. Rc7+ Kb8 58. Rc2 Rf4 59. Nc3 Kb7
60. Kb2 Rb4+ 61. Kc1 Rc4 62. Kd2 Rh4 63. Kd3 Rb4 64. Re2 Kc6 65. Re6+ Kc5 66.
Rh6 Rd4+ 67. Kc2 Rb4 68. Rh5+ Kc6 69. Kd3 Kd6 70. Rd5+ Kc6 71. Rd4 Rb2 72. Rc4+
Kd6 73. Rh4 Kc6 74. Rd4 Rh2 75. Nb5 Kc5 76. Rc4+ Kd5 77. Nc3+ Kd6 78. Rc8 Kd7
1-0

[Event "39. Torneo La Roda"]
[Site "La Roda ESP"]
[Date "2012.04.07"]
[Round "6.20"]
[White "Hostalet Ferrer, Pedro Enrique"]
[Black "Badev, Kiril"]
[Result "0-1"]
[WhiteElo "2105"]
[BlackElo "2343"]
[PlyCount "66"]
[EventDate "2012.04.04"]
[EventType "swiss"]
[EventRounds "9"]
[EventCountry "ESP"]
[Source "lmi"]
[SourceDate "2012.04.04"]

1. d4 d6 2. Nf3 Nf6 3. c4 Nbd7 4. Nc3 e5 5. e4 g6 6. Be2 Bg7 7. d5 a5 8. O-O
O-O 9. Bg5 h6 10. Bh4 Nc5 11. Nd2 Qd7 12. Qc2 b6 13. b3 Nh7 14. a3 f5 15. f3
Qf7 16. b4 Nd7 17. Nb5 Ndf6 18. bxa5 Rxa5 19. Nb3 Ra8 20. a4 g5 21. Bf2 g4 22.
a5 gxf3 23. gxf3 bxa5 24. Rxa5 Rxa5 25. Nxa5 fxe4 26. fxe4 Bh3 27. Re1 Nxe4 28.
Bd3 Qxf2+ 29. Qxf2 Nxf2 30. Bxh7+ Kxh7 31. Nxc7 Nd3 32. Rd1 Rf4 33. Rxd3 Rf1#
0-1

[Event "39. Torneo La Roda"]
[Site "La Roda ESP"]
[Date "2012.04.07"]
[Round "7.3"]
[White "Fedorchuk, Sergey A"]
[Black "Koziak, Vitali"]
[Result "1-0"]
[WhiteElo "2634"]
[BlackElo "2511"]
[PlyCount "59"]
[EventDate "2012.04.04"]
[EventType "swiss"]
[EventRounds "9"]
[EventCountry "ESP"]
[Source "lmi"]
[SourceDate "2012.04.04"]

1. e4 c6 2. d4 d5 3. Nd2 dxe4 4. Nxe4 Nd7 5. Ng5 Ngf6 6. Bd3 e6 7. N1f3 Bd6 8.
Qe2 h6 9. Ne4 Nxe4 10. Qxe4 Nf6 11. Qe2 O-O 12. Bd2 Qc7 13. O-O-O c5 14. g4 Bf4
15. Rhg1 cxd4 16. g5 hxg5 17. Nxg5 g6 18. h4 Kg7 19. h5 Bxd2+ 20. Rxd2 Qh2 21.
h6+ Qxh6 22. f4 Nh5 23. Qe4 Kg8 24. Qxd4 Qg7 25. Qe3 Qf6 26. Rf2 Bd7 27. Be2
Ng7 28. Qh3 Rfc8 29. Rh1 Kf8 30. Nh7+ 1-0

[Event "39. Torneo La Roda"]
[Site "La Roda ESP"]
[Date "2012.04.07"]
[Round "7.4"]
[White "Korneev, Oleg"]
[Black "Navarrete Espi, Samuel"]
[Result "1-0"]
[WhiteElo "2597"]
[BlackElo "2129"]
[PlyCount "55"]
[EventDate "2012.04.04"]
[EventType "swiss"]
[EventRounds "9"]
[EventCountry "ESP"]
[Source "lmi"]
[SourceDate "2012.04.04"]

1. e4 e5 2. Nf3 Nc6 3. Bb5 a6 4. Ba4 Nf6 5. O-O Be7 6. Re1 b5 7. Bb3 d6 8. c3
O-O 9. h3 Na5 10. Bc2 c5 11. d4 Nd7 12. Kh1 exd4 13. cxd4 Bf6 14. e5 dxe5 15.
dxe5 Be7 16. Nc3 Nb6 17. Qe2 Be6 18. Ne4 Bc4 19. Qe3 Nd5 20. Qd2 Nb4 21. Bb1
Bd3 22. Qf4 Bxb1 23. Rxb1 Nd3 24. Qg3 f5 25. Bh6 Rf7 26. e6 Kh8 27. Nfg5 Bxg5
28. Nxg5 1-0

[Event "39. Torneo La Roda"]
[Site "La Roda ESP"]
[Date "2012.04.07"]
[Round "7.5"]
[White "Bacallao Alonso, Yusnel"]
[Black "Anton Guijarro, David"]
[Result "1-0"]
[WhiteElo "2550"]
[BlackElo "2476"]
[PlyCount "83"]
[EventDate "2012.04.04"]
[EventType "swiss"]
[EventRounds "9"]
[EventCountry "ESP"]
[Source "lmi"]
[SourceDate "2012.04.04"]

1. e4 e6 2. d4 d5 3. Nc3 Nf6 4. Bg5 Bb4 5. e5 h6 6. Bd2 Bxc3 7. bxc3 Ne4 8. Qg4
Kf8 9. Qf4 c5 10. Bd3 Nxd2 11. Qxd2 Nc6 12. Nf3 c4 13. Be2 b5 14. h4 a5 15. a3
Bd7 16. g4 Qe7 17. g5 hxg5 18. Nxg5 f6 19. Nf3 Qf7 20. h5 Ke7 21. Nh4 fxe5 22.
Qg5+ Kd6 23. Ng6 Rhg8 24. dxe5+ Kc7 25. Rb1 Rab8 26. Rh3 Qf5 27. Qxf5 exf5 28.
Rd1 b4 29. cxb4 axb4 30. axb4 f4 31. Ra3 Ra8 32. Rxa8 Rxa8 33. c3 d4 34. b5 d3
35. bxc6 Bxc6 36. Bxd3 cxd3 37. Nxf4 Ra4 38. Ne6+ Kc8 39. Rxd3 Rg4 40. Rd8+ Kb7
41. f4 Kb6 42. Rd6 1-0

[Event "39. Torneo La Roda"]
[Site "La Roda ESP"]
[Date "2012.04.07"]
[Round "7.6"]
[White "Sanchez, Joseph"]
[Black "Antoli Royo, Joaquin Miguel"]
[Result "1-0"]
[WhiteElo "2526"]
[BlackElo "2414"]
[PlyCount "83"]
[EventDate "2012.04.04"]
[EventType "swiss"]
[EventRounds "9"]
[EventCountry "ESP"]
[Source "lmi"]
[SourceDate "2012.04.04"]

1. e4 c5 2. Nf3 Nc6 3. d4 cxd4 4. Nxd4 e5 5. Nb5 a6 6. Nd6+ Bxd6 7. Qxd6 Qf6 8.
Qxf6 Nxf6 9. Nc3 Nb4 10. Kd2 d6 11. a3 Nc6 12. Bd3 Be6 13. f3 d5 14. exd5 Nxd5
15. Nxd5 Bxd5 16. Ke1 O-O 17. Be3 Rfe8 18. Kf2 e4 19. Be2 exf3 20. gxf3 Ne5 21.
b3 Re6 22. Rhg1 Rae8 23. Rae1 Ng4+ 24. Rxg4 Rxe3 25. Rgg1 Kf8 26. Bd1 Rxe1 27.
Rxe1 Rxe1 28. Kxe1 Ke7 29. Kd2 Kf6 30. c4 Bc6 31. Ke3 g5 32. f4 h6 33. b4 Kf5
34. fxg5 hxg5 35. Kd4 Kf4 36. a4 f5 37. b5 axb5 38. cxb5 Be4 39. a5 g4 40. b6
Bg2 41. Bb3 Bf1 42. Bc4 1-0

[Event "39. Torneo La Roda"]
[Site "La Roda ESP"]
[Date "2012.04.07"]
[Round "7.8"]
[White "Khamrakulov, Ibragim S"]
[Black "Del Rey, Diego"]
[Result "1-0"]
[WhiteElo "2519"]
[BlackElo "2372"]
[PlyCount "57"]
[EventDate "2012.04.04"]
[EventType "swiss"]
[EventRounds "9"]
[EventCountry "ESP"]
[Source "lmi"]
[SourceDate "2012.04.04"]

1. e4 c5 2. Nf3 Nc6 3. c3 d5 4. exd5 Qxd5 5. d4 Bf5 6. Be3 cxd4 7. cxd4 Bxb1 8.
Rxb1 e6 9. a3 Nf6 10. Bd3 Bd6 11. O-O O-O 12. h3 Rac8 13. Qe2 Qh5 14. Rbc1 Nd5
15. Be4 a6 16. Rc2 f5 17. Bxd5 exd5 18. Qd3 f4 19. Bd2 Qf5 20. Qb3 Rf7 21. Re1
Rcf8 22. Rcc1 g5 23. Bb4 Nxb4 24. axb4 Kh8 25. b5 g4 26. Ne5 Bxe5 27. Rxe5 Qf6
28. hxg4 f3 29. Qxd5 1-0

[Event "39. Torneo La Roda"]
[Site "La Roda ESP"]
[Date "2012.04.07"]
[Round "7.10"]
[White "Lalic, Bogdan"]
[Black "Plaskett, H James"]
[Result "1/2-1/2"]
[WhiteElo "2469"]
[BlackElo "2480"]
[PlyCount "21"]
[EventDate "2012.04.04"]
[EventType "swiss"]
[EventRounds "9"]
[EventCountry "ESP"]
[Source "lmi"]
[SourceDate "2012.04.04"]

1. Nf3 Nf6 2. c4 c5 3. Nc3 Nc6 4. g3 e6 5. Bg2 d5 6. cxd5 Nxd5 7. O-O Be7 8. d4
O-O 9. e4 Nb6 10. dxc5 Bxc5 11. Bf4 1/2-1/2

[Event "39. Torneo La Roda"]
[Site "La Roda ESP"]
[Date "2012.04.07"]
[Round "7.11"]
[White "Perez Mitjans, Orelvis"]
[Black "Llavador Moron, Juan Jose"]
[Result "1-0"]
[WhiteElo "2482"]
[BlackElo "2171"]
[PlyCount "75"]
[EventDate "2012.04.04"]
[EventType "swiss"]
[EventRounds "9"]
[EventCountry "ESP"]
[Source "lmi"]
[SourceDate "2012.04.04"]

1. e4 c5 2. Nf3 d6 3. d4 cxd4 4. Nxd4 Nf6 5. Nc3 a6 6. Bg5 e6 7. Qf3 Nbd7 8.
O-O-O Qc7 9. Qh3 b5 10. Nxe6 fxe6 11. Qxe6+ Be7 12. Bxb5 Kf8 13. Bxd7 Bxd7 14.
Qxe7+ Kxe7 15. Nd5+ Kd8 16. Nxc7 Kxc7 17. Rd4 Bc6 18. f3 Rae8 19. Rhd1 Re6 20.
Bd2 Rc8 21. Ba5+ Kd7 22. c4 Ke7 23. Bb4 Ne8 24. Be1 g5 25. Kd2 g4 26. Ke3 gxf3
27. gxf3 Ng7 28. Bh4+ Kd7 29. Kf2 Rf8 30. Kg2 Nf5 31. exf5 Rxf5 32. R1d3 Re2+
33. Kg3 Rxb2 34. Rxd6+ Kc7 35. Kg4 Rf7 36. Bg3 Kb6 37. Rd8 Rxa2 38. Rb3+ 1-0

[Event "39. Torneo La Roda"]
[Site "La Roda ESP"]
[Date "2012.04.07"]
[Round "7.14"]
[White "Escudero Manzano, Alejandro"]
[Black "Forcen Esteban, Daniel"]
[Result "0-1"]
[WhiteElo "2210"]
[BlackElo "2438"]
[PlyCount "122"]
[EventDate "2012.04.04"]
[EventType "swiss"]
[EventRounds "9"]
[EventCountry "ESP"]
[Source "lmi"]
[SourceDate "2012.04.04"]

1. e4 Nf6 2. e5 Nd5 3. d4 d6 4. Nf3 Nc6 5. Bc4 Nb6 6. Bb3 dxe5 7. Nxe5 Nxe5 8.
dxe5 Qxd1+ 9. Kxd1 a5 10. a4 Bf5 11. Ke2 e6 12. Re1 Nd7 13. Kf1 Nc5 14. Bd2 b6
15. Rc1 Nxb3 16. cxb3 Bc5 17. Nc3 O-O-O 18. Be1 Bd4 19. Nd1 Bxe5 20. Bc3 Bf4
21. Ne3 f6 22. b4 axb4 23. Bxb4 Kb7 24. a5 Bd3+ 25. Kg1 Bb5 26. axb6 cxb6 27.
Re1 Be5 28. Bc3 Bxc3 29. bxc3 Rc8 30. Ra3 Rhd8 31. Rb1 Bd3 32. Rb2 Ra8 33. Rxa8
Rxa8 34. f3 Ra3 35. Nd1 Ra1 36. Rd2 Bc2 37. Rxc2 Rxd1+ 38. Kf2 Kc6 39. Ke2 Rd7
40. Rb2 Kc5 41. Rb4 Ra7 42. Rb2 b5 43. Kd3 Rd7+ 44. Kc2 e5 45. Ra2 Kb6 46. Ra8
Ra7 47. Rb8+ Kc5 48. Rc8+ Kd5 49. Kb3 f5 50. Rd8+ Kc6 51. Re8 Kd6 52. Rb8 e4
53. Rxb5 e3 54. Kc2 Ra2+ 55. Kd3 f4 56. Rb1 Rxg2 57. Ke4 g5 58. h4 gxh4 59. Rh1
e2 60. Kd3 h3 61. Kd2 h2 0-1

[Event "39. Torneo La Roda"]
[Site "La Roda ESP"]
[Date "2012.04.07"]
[Round "7.15"]
[White "Diez Fraile, David"]
[Black "Suba, Mihai"]
[Result "0-1"]
[WhiteElo "2185"]
[BlackElo "2438"]
[PlyCount "80"]
[EventDate "2012.04.04"]
[EventType "swiss"]
[EventRounds "9"]
[EventCountry "ESP"]
[Source "lmi"]
[SourceDate "2012.04.04"]

1. d4 Nf6 2. Nf3 e6 3. g3 b5 4. Bg2 Bb7 5. O-O Be7 6. Nbd2 O-O 7. c4 bxc4 8.
Nxc4 d5 9. Nce5 Ne4 10. Bf4 c5 11. dxc5 Bxc5 12. Nd2 Nxd2 13. Qxd2 Qe7 14. Rac1
Na6 15. a3 f6 16. Nd3 Bb6 17. g4 e5 18. Bg3 d4 19. b4 Bxg2 20. Kxg2 Rad8 21. g5
e4 22. gxf6 gxf6 23. Nf4 Kh8 24. Kg1 Rg8 25. Rc6 Nc7 26. Rfc1 e3 27. Qd3 Nd5
28. Nxd5 Rxd5 29. fxe3 Re5 30. Kf1 Rxe3 31. Qf5 d3 32. exd3 Rexg3 33. hxg3 Rxg3
34. Rxb6 axb6 35. Rc6 Rg6 36. Rxb6 Qc7 37. Re6 Qh2 38. Re8+ Kg7 39. Qf2 Qh1+
40. Ke2 Rg2 0-1

[Event "39. Torneo La Roda"]
[Site "La Roda ESP"]
[Date "2012.04.07"]
[Round "7.16"]
[White "Diaz Rodriguez, Francisco Javie"]
[Black "Granero Roca, Antonio"]
[Result "0-1"]
[WhiteElo "2184"]
[BlackElo "2432"]
[PlyCount "86"]
[EventDate "2012.04.04"]
[EventType "swiss"]
[EventRounds "9"]
[EventCountry "ESP"]
[Source "lmi"]
[SourceDate "2012.04.04"]

1. d4 Nf6 2. Nf3 g6 3. g3 Bg7 4. Bg2 O-O 5. O-O d6 6. c3 Nbd7 7. Nbd2 Rb8 8. a4
b6 9. a5 b5 10. e4 e5 11. Re1 a6 12. Nb3 Qe7 13. h3 Bb7 14. d5 c6 15. dxc6 Bxc6
16. Nh4 Rfd8 17. f4 Nh5 18. Nf5 gxf5 19. Qxh5 fxe4 20. f5 d5 21. g4 f6 22. g5
fxg5 23. Bxg5 Bf6 24. Bh6 Qf7 25. Qe2 Kh8 26. Kh2 Rg8 27. Qe3 Bh4 28. f6 Rg3
29. Bg7+ Kg8 30. Qe2 Nxf6 31. Bxf6 Qxf6 32. Rf1 Qg5 33. Nc5 Kh8 34. Rg1 Rg8 35.
Raf1 Re3 36. Qg4 Bg3+ 37. Kh1 Qxg4 38. hxg4 Bf4 39. Re1 Rxg4 40. Rxe3 Bxe3 41.
Rf1 Bxc5 42. Rf6 Rh4+ 43. Bh3 Bd7 0-1

[Event "39. Torneo La Roda"]
[Site "La Roda ESP"]
[Date "2012.04.07"]
[Round "7.17"]
[White "Bendayan Claros, Aaron"]
[Black "Rojas Keim, Luis"]
[Result "1-0"]
[WhiteElo "2163"]
[BlackElo "2424"]
[PlyCount "69"]
[EventDate "2012.04.04"]
[EventType "swiss"]
[EventRounds "9"]
[EventCountry "ESP"]
[Source "lmi"]
[SourceDate "2012.04.04"]

1. d4 Nf6 2. c4 e6 3. Nc3 Bb4 4. Bg5 h6 5. Bh4 c5 6. d5 d6 7. e3 Bxc3+ 8. bxc3
e5 9. Qc2 g5 10. Bg3 e4 11. f4 Qe7 12. Nh3 Bf5 13. Be2 Rg8 14. fxg5 hxg5 15.
O-O Bxh3 16. gxh3 g4 17. hxg4 Nxg4 18. Bxg4 Rxg4 19. Rab1 b6 20. Qa4+ Qd7 21.
Qd1 Na6 22. Rf6 O-O-O 23. Qf1 Rg7 24. Rb2 Rh8 25. Rg2 Rh3 26. Kh1 Rgh7 27. Qf4
Qa4 28. Qxd6 Qd7 29. Qf8+ Kb7 30. Rd6 Qf5 31. Qe7+ Nc7 32. Rf6 Qh5 33. Qxc7+
Ka6 34. Rxb6+ axb6 35. Qc8+ 1-0

[Event "39. Torneo La Roda"]
[Site "La Roda ESP"]
[Date "2012.04.07"]
[Round "7.18"]
[White "Garza Marco, Sergio"]
[Black "Navarro Lopez-Menchero, Daniel"]
[Result "1-0"]
[WhiteElo "2404"]
[BlackElo "2237"]
[PlyCount "115"]
[EventDate "2012.04.04"]
[EventType "swiss"]
[EventRounds "9"]
[EventCountry "ESP"]
[Source "lmi"]
[SourceDate "2012.04.04"]

1. b3 d5 2. Bb2 c5 3. e3 Nf6 4. f4 Nc6 5. Bb5 Qc7 6. Nf3 Bg4 7. O-O a6 8. Bxc6+
Qxc6 9. d3 g6 10. Nbd2 Bg7 11. Qe1 Bxf3 12. Nxf3 O-O 13. Qh4 b5 14. Ne5 Qd6 15.
Rf3 Nd7 16. Rh3 h5 17. Qg3 d4 18. Nxd7 Qxd7 19. e4 Qc6 20. f5 Qd6 21. Qf3 Bh6
22. Rf1 Qf6 23. Kh1 e5 24. Qe2 Qe7 25. g4 Qf6 26. fxg6 Qxg6 27. g5 Bxg5 28. Rg3
h4 29. Rxg5 Qxg5 30. Rg1 Qxg1+ 31. Kxg1 f6 32. Qg4+ Kf7 33. Qh5+ Ke7 34. Qh7+
Rf7 35. Qxh4 Rg8+ 36. Kf1 Rfg7 37. Qf2 Rg4 38. Bc1 R8g7 39. Bd2 Rg8 40. h3 Rg3
41. h4 Rh3 42. Ke2 Rg4 43. Be1 b4 44. Qf5 Re3+ 45. Kd2 Rg2+ 46. Bf2 Rh2 47. h5
Reh3 48. Ke1 Rh1+ 49. Ke2 R1h2 50. h6 Rxh6 51. Qc8 R6h3 52. Qxc5+ Kf7 53. Qc4+
Kg7 54. Qxb4 Re3+ 55. Kf1 Rf3 56. Qd2 Rh1+ 57. Kg2 Rfh3 58. Bg3 1-0